[Event "SR 2. liga A 2008/2009"]
[Site "?"]
[Date "2008.10.12"]
[Round "2.6"]
[White "Hricak, Vasil"]
[Black "Kollarik, Gorazd"]
[Result "1-0"]
[WhiteElo "2046"]
[BlackElo "1941"]
[PlyCount "49"]
[EventDate "2008.??.??"]

1. e4 d5 2. exd5 Qxd5 3. Nc3 Qa5 4. d4 c6 5. Bc4 Nf6 6. Bd2 Bf5 7. Qe2 e6 8. d5
cxd5 9. Nxd5 Qd8 10. Nxf6+ gxf6 11. O-O-O Nc6 12. Bc3 Qe7 13. g4 Bg6 14. h4 h5
15. g5 Bg7 16. Nh3 Kf8 17. Nf4 Nd8 18. Bb5 Nc6 19. Nxg6+ fxg6 20. Qf3 f5 21.
Bxc6 Bxc3 22. Qxc3 Rh7 23. Rd7 bxc6 24. Rxe7 Kxe7 25. Qf6+ 1-0

[Event "SR 2. liga A 2008/2009"]
[Site "?"]
[Date "2008.10.12"]
[Round "2.6"]
[White "Kolesar, Rastislav"]
[Black "Slapak, Zdenek"]
[Result "1/2-1/2"]
[WhiteElo "1978"]
[BlackElo "2173"]
[PlyCount "44"]
[EventDate "2008.??.??"]

1. e4 c5 2. Nf3 Nc6 3. d4 cxd4 4. Nxd4 e5 5. Nb5 a6 6. Nd6+ Bxd6 7. Qxd6 Qf6 8.
Qxf6 Nxf6 9. Nc3 Nb4 10. Bd3 h6 11. Be3 Nxd3+ 12. cxd3 d6 13. f3 Be6 14. d4 O-O
15. d5 Bd7 16. O-O Rfc8 17. Rac1 b5 18. a3 Rab8 19. Na2 Rxc1 20. Rxc1 Rc8 21.
Rxc8+ Bxc8 22. Nb4 Kf8 1/2-1/2

[Event "SR 2. liga A 2008/2009"]
[Site "?"]
[Date "2008.10.12"]
[Round "2.6"]
[White "Michal, Silvio"]
[Black "Vach, Pavol"]
[Result "1/2-1/2"]
[WhiteElo "2123"]
[BlackElo "2104"]
[PlyCount "82"]
[EventDate "2008.??.??"]

1. d4 e6 2. c4 d5 3. Nc3 Nf6 4. Bg5 Be7 5. e3 O-O 6. Nf3 h6 7. Bf4 a6 8. cxd5
exd5 9. Bd3 Be6 10. Rc1 Nbd7 11. Bb1 c5 12. dxc5 Nxc5 13. Nd4 Bg4 14. f3 Be6
15. b4 Ncd7 16. Nxe6 fxe6 17. Qb3 Kh8 18. O-O Rc8 19. Kh1 b5 20. Ne2 Qb6 21.
Bg3 Rc4 22. Nf4 Ne5 23. Qb2 d4 24. Rxc4 Nxc4 25. Ng6+ Kg8 26. Nxe7+ Kf7 27. Qc2
Nxe3 28. Qg6+ Kxe7 29. Rc1 Ne8 30. Be4 Nf5 31. Be5 Qd8 32. Bxf5 Rxf5 33. Re1
Qd5 34. Bxd4 Rg5 35. Qe4 Qxe4 36. Rxe4 Rd5 37. Kg1 Kf7 38. Bc5 Rd1+ 39. Kf2
Rd2+ 40. Re2 Rxe2+ 41. Kxe2 g6 1/2-1/2

[Event "SR 2. liga A 2008/2009"]
[Site "?"]
[Date "2008.10.12"]
[Round "2.6"]
[White "Michalko, Peter"]
[Black "Gono, Michal"]
[Result "0-1"]
[WhiteElo "1782"]
[BlackElo "1854"]
[PlyCount "86"]
[EventDate "2008.??.??"]

1. e4 c6 2. d4 d5 3. e5 Bf5 4. Nf3 h6 5. Be2 e6 6. Be3 Nd7 7. O-O Ne7 8. Nh4
Bh7 9. f4 c5 10. c3 Nc6 11. Nf3 Qb6 12. Qc1 Rc8 13. Nbd2 cxd4 14. Nxd4 Nxd4 15.
Bxd4 Bc5 16. Nb3 Bxd4+ 17. Nxd4 O-O 18. Kh1 Be4 19. Qd2 Nc5 20. Nb5 Bg6 21. Nd6
Ne4 22. Nxc8 Rxc8 23. Qc1 Nf2+ 24. Rxf2 Qxf2 25. Qf1 Qe3 26. Rd1 Bc2 27. Rc1
Be4 28. Rd1 Rc6 29. Bd3 Rb6 30. Bxe4 Qxe4 31. Qf2 Qc4 32. a3 Qa2 33. Rd2 Rxb2
34. Rxb2 Qa1+ 35. Qg1 Qxb2 36. Qxa7 Qa1+ 37. Qg1 Qxc3 38. h3 Qxa3 39. Qd4 Qc1+
40. Kh2 Qc4 41. Qd2 b5 42. h4 b4 43. Qe3 b3 0-1

[Event "SR 2. liga A 2008/2009"]
[Site "?"]
[Date "2008.10.12"]
[Round "2.6"]
[White "Skara, Vladimir"]
[Black "Krist, Milan"]
[Result "1-0"]
[WhiteElo "2097"]
[BlackElo "2046"]
[PlyCount "45"]
[EventDate "2008.??.??"]

1. e4 e6 2. d4 d5 3. Nc3 Nf6 4. Bg5 Be7 5. e5 Nfd7 6. h4 a6 7. Qg4 Bxg5 8. hxg5
c5 9. g6 fxg6 10. Rxh7 Rxh7 11. Qxg6+ Ke7 12. Qxh7 Qf8 13. Bd3 Nb6 14. dxc5
N6d7 15. Qh4+ Nf6 16. O-O-O Nbd7 17. Nf3 Nxc5 18. exf6+ gxf6 19. Bf5 Bd7 20.
Ne5 Qg7 21. Nxd7 Nxd7 22. Qb4+ Ke8 23. Bxe6 1-0

[Event "SR 2. liga A 2008/2009"]
[Site "?"]
[Date "2008.10.12"]
[Round "2.7"]
[White "Kolman, Richard"]
[Black "Obdrzalkova, Anita"]
[Result "0-1"]
[WhiteElo "2005"]
[BlackElo "2110"]
[PlyCount "49"]
[EventDate "2008.??.??"]

1. d4 Nf6 2. Nf3 d5 3. Bg5 e6 4. e3 c6 5. Nbd2 Nbd7 6. Bd3 Be7 7. O-O O-O 8.
Ne5 h6 9. Bh4 c5 10. c3 c4 11. Bc2 Qb6 12. Rb1 Qa5 13. a3 Bd6 14. f4 Qc7 15.
Rf3 Ne8 16. Rg3 Kh8 17. Qg4 f5 18. Ng6+ Kg8 19. Qh3 Rf7 20. Nf3 Nf8 21. Nge5
Bxe5 22. Nxe5 Nd6 23. Nxf7 Nxf7 24. Bf6 g6 25. Bd1 0-1

[Event "SR 2. liga A 2008/2009"]
[Site "?"]
[Date "2008.10.12"]
[Round "2.7"]
[White "Mihalik, Anton"]
[Black "Durovka, Stefan"]
[Result "1-0"]
[WhiteElo "1959"]
[BlackElo "1875"]
[PlyCount "119"]
[EventDate "2008.??.??"]

1. e4 e5 2. Nf3 Nc6 3. Bb5 d6 4. c3 Bd7 5. O-O Nf6 6. Re1 Be7 7. h3 O-O 8. d3
a6 9. Ba4 Be6 10. Nbd2 b5 11. Bc2 h6 12. Nf1 Nh7 13. Ng3 Ng5 14. Nh2 d5 15. f4
exf4 16. Bxf4 dxe4 17. Nxe4 Nxe4 18. Rxe4 Bf5 19. Re2 Re8 20. Nf3 Qd7 21. Qd2
Bc5+ 22. d4 Rxe2 23. Qxe2 Bxc2 24. Qxc2 Bd6 25. Bxd6 Qxd6 26. Re1 g6 27. Qe4
Rd8 28. Qh4 Kg7 29. Qe4 a5 30. a3 b4 31. axb4 axb4 32. Rd1 bxc3 33. bxc3 Rb8
34. d5 Rb2 35. Nd4 Ne7 36. Nf3 Nc6 37. Kh1 Qg3 38. Rg1 Nd8 39. c4 Rf2 40. c5
Kf8 41. Ne5 Nb7 42. Nd7+ Kg7 43. d6 Nxc5 44. Qd4+ Kg8 45. dxc7 Qxc7 46. Nxc5
Rc2 47. Ne4 Rc4 48. Nf6+ Kf8 49. Qe3 g5 50. Qe8+ Kg7 51. Rf1 Rf4 52. Nh5+ Kh7
53. Nxf4 gxf4 54. Qe4+ Kg7 55. Qxf4 Qb7 56. Qf6+ Kg8 57. Qxh6 Qb5 58. Qf4 Qb3
59. Qxf7+ Qxf7 60. Rxf7 1-0

[Event "SR 2. liga A 2008/2009"]
[Site "?"]
[Date "2008.10.12"]
[Round "2.7"]
[White "Novak, Stanislav"]
[Black "Chovanec, Vladimir"]
[Result "1/2-1/2"]
[WhiteElo "1997"]
[BlackElo "2083"]
[PlyCount "76"]
[EventDate "2008.??.??"]

1. e4 c5 2. Nf3 Nc6 3. d4 cxd4 4. Nxd4 e5 5. Nb5 d6 6. N1c3 a6 7. Na3 b5 8. Nd5
Nge7 9. Bg5 h6 10. Be3 Rb8 11. Be2 Nxd5 12. Qxd5 Qc7 13. O-O Be6 14. Qd1 Be7
15. c3 O-O 16. Nc2 Rbd8 17. f4 f5 18. exf5 Bxf5 19. Bd3 Kh8 20. Bxf5 Rxf5 21.
Qd3 Rf6 22. a4 exf4 23. Bxf4 Rdf8 24. Bg3 Qb6+ 25. Kh1 bxa4 26. Rxf6 Rxf6 27.
Rb1 Qb5 28. Qxb5 axb5 29. Ne3 Ne5 30. Nd5 Rf7 31. Nc7 Bh4 32. Nxb5 Bxg3 33.
hxg3 Nc4 34. Na3 Nxa3 35. bxa3 Rc7 36. Rb4 Rxc3 37. Rxa4 Rc1+ 38. Kh2 Ra1
1/2-1/2

[Event "SR 2. liga A 2008/2009"]
[Site "?"]
[Date "2008.10.12"]
[Round "2.7"]
[White "Pericka, Tomas"]
[Black "Syrovy, Ivan"]
[Result "1-0"]
[WhiteElo "1905"]
[BlackElo "2097"]
[PlyCount "77"]
[EventDate "2008.??.??"]

1. e4 e5 2. Nf3 d6 3. d4 Nd7 4. Bc4 c6 5. O-O Be7 6. c3 Nb6 7. Bb3 Qc7 8. Re1
Nf6 9. Nbd2 Bg4 10. Nf1 O-O 11. h3 Bd7 12. Ng3 a5 13. Be3 a4 14. dxe5 dxe5 15.
Bxb6 Qxb6 16. Bxa4 Qxb2 17. Nxe5 Be6 18. Bb3 Qxc3 19. Bxe6 Qxe5 20. Bb3 Bc5 21.
Qf3 b5 22. Rad1 Bb4 23. Re3 c5 24. Bd5 Rad8 25. Red3 Rb8 26. Qf5 Bc3 27. f4
Bd4+ 28. Kh1 Qxf5 29. Nxf5 Nxd5 30. exd5 Bf6 31. d6 c4 32. Rd5 c3 33. Ne7+ Kh8
34. Nc6 Ra8 35. d7 c2 36. Rc1 Rxa2 37. Rxb5 g6 38. Rd5 Bd8 39. Re5 {time} 1-0

[Event "SR 2. liga A 2008/2009"]
[Site "?"]
[Date "2008.10.12"]
[Round "2.7"]
[White "Puchart, Vladimir"]
[Black "Kundrak, Vladimir"]
[Result "1-0"]
[WhiteElo "2024"]
[BlackElo "1942"]
[PlyCount "81"]
[EventDate "2008.??.??"]

1. d4 d5 2. c4 e6 3. Nf3 c6 4. Nc3 dxc4 5. a4 Bb4 6. Ne5 b5 7. e3 Nf6 8. Be2
Ne4 9. Bd2 Nxd2 10. Qxd2 f6 11. Nf3 a5 12. O-O O-O 13. Qc2 Qb6 14. Nd2 Be7 15.
Bf3 Ra7 16. g3 Na6 17. h4 Nb4 18. Qb1 Ba6 19. Rd1 Nd5 20. axb5 cxb5 21. Nxd5
exd5 22. Bxd5+ Kh8 23. Qf5 Bc8 24. Qh5 a4 25. Nb1 Bd7 26. Rc1 Be8 27. Qg4 Bg6
28. h5 Bxb1 29. Raxb1 Qd6 30. Qf3 a3 31. bxa3 Qxa3 32. Be4 Rg8 33. Kg2 c3 34.
Qf5 g6 35. hxg6 hxg6 36. Rh1+ Kg7 37. Qxg6+ Kf8 38. Qh6+ Ke8 39. Qh5+ Kf8 40.
Bd5 c2 41. Qf7# 1-0

[Event "SR 2. liga A 2008/2009"]
[Site "?"]
[Date "2008.10.12"]
[Round "2.7"]
[White "Slamena, Michal"]
[Black "Vrba, Michal"]
[Result "1-0"]
[WhiteElo "1944"]
[BlackElo "1974"]
[PlyCount "55"]
[EventDate "2008.??.??"]

1. e4 e6 2. d4 d5 3. Nd2 c5 4. exd5 exd5 5. Ngf3 Nf6 6. Bb5+ Bd7 7. Qe2+ Qe7 8.
Ne5 a6 9. Bxd7+ Nbxd7 10. Ndf3 Nxe5 11. dxe5 Nd7 12. O-O h6 13. c4 d4 14. b4
cxb4 15. Bb2 O-O-O 16. Bxd4 Nc5 17. Rfb1 Ne6 18. Bb6 Re8 19. c5 Ng5 20. Nxg5
Qxg5 21. Rd1 Be7 22. c6 Bd8 23. cxb7+ Kxb7 24. Qe4+ Kxb6 25. Rd6+ Ka7 26. Rd7+
Kb6 27. Qxb4+ Kc6 28. Qd6+ 1-0

[Event "SR 2. liga A 2008/2009"]
[Site "?"]
[Date "2008.10.12"]
[Round "2.8"]
[White "Czucz, Andrej"]
[Black "Racik, Marek"]
[Result "1/2-1/2"]
[WhiteElo "2004"]
[BlackElo "1932"]
[PlyCount "66"]
[EventDate "2008.??.??"]

1. c4 e5 2. Nc3 Nf6 3. g3 Nc6 4. Bg2 Bc5 5. d3 O-O 6. e3 d6 7. a3 a5 8. Nge2
Bd7 9. O-O Qc8 10. d4 Bb6 11. d5 Ne7 12. e4 h6 13. Qd3 Bh3 14. Be3 Bxe3 15.
fxe3 Bxg2 16. Kxg2 c5 17. a4 Ne8 18. Rf3 Nf6 19. Raf1 Nh7 20. Ng1 Ng5 21. R3f2
Ng6 22. Qe2 Ra6 23. h4 Nh7 24. h5 Ne7 25. g4 Ng5 26. Kg3 Qd7 27. Nf3 Nxf3 28.
Rxf3 Rb6 29. Nb5 Nc8 30. Rf5 Ne7 31. R5f3 Nc8 32. Qh2 Qe7 33. Rf5 f6 1/2-1/2

[Event "SR 2. liga A 2008/2009"]
[Site "?"]
[Date "2008.10.12"]
[Round "2.8"]
[White "Hajek, Lukas"]
[Black "Bincik, Pavol"]
[Result "1/2-1/2"]
[WhiteElo "1587"]
[BlackElo "1890"]
[PlyCount "38"]
[EventDate "2008.??.??"]

1. d4 d5 2. c4 c6 3. Nc3 Nf6 4. Bf4 dxc4 5. e3 b5 6. a4 b4 7. Nb1 a5 8. Bxc4
Ba6 9. Bxa6 Nxa6 10. Qc2 Qd5 11. Nf3 c5 12. O-O e6 13. Nbd2 cxd4 14. exd4 Be7
15. Qc4 O-O 16. Qxd5 Nxd5 17. Bg3 Rfc8 18. Rfc1 Bd8 19. Ne4 Be7 1/2-1/2

[Event "SR 2. liga A 2008/2009"]
[Site "?"]
[Date "2008.10.12"]
[Round "2.8"]
[White "Petrakovic, Kamil"]
[Black "Mosny, Jaroslav"]
[Result "1/2-1/2"]
[WhiteElo "1810"]
[BlackElo "2018"]
[PlyCount "167"]
[EventDate "2008.??.??"]

1. e4 e5 2. Nf3 d6 3. Bc4 Be7 4. d4 Nd7 5. Nc3 Ngf6 6. h3 O-O 7. O-O c6 8. a4
h6 9. Nh4 exd4 10. Qxd4 Ne5 11. Nf5 Bxf5 12. exf5 Nxc4 13. Qxc4 d5 14. Qd3 Re8
15. Ne2 Bd6 16. Bd2 Ne4 17. c3 Qf6 18. Bf4 Bxf4 19. Nxf4 Qxf5 20. Ne2 Nd6 21.
Qxf5 Nxf5 22. Rfe1 Re5 23. Kf1 Rae8 24. b3 Kf8 25. Rad1 Nh4 26. Rd2 f5 27. f3
Re3 28. Kf2 g5 29. Rg1 f4 30. Rc2 Nf5 31. Rd1 R3e5 32. Rcd2 Ne3 33. Rg1 Nf5 34.
Rgd1 Re3 35. Rc2 Kf7 36. b4 Nd6 37. g3 fxg3+ 38. Nxg3 Kg6 39. Nf1 R3e6 40. Rd3
Nc4 41. a5 Re1 42. Ng3 Ra1 43. Ne2 Rb1 44. f4 Nb2 45. Rf3 Nd1+ 46. Kg3 Ne3 47.
Ra2 Re4 48. fxg5 hxg5 49. Rf2 Nf5+ 50. Kh2 Re3 51. Rd2 Nh4 52. Rc2 Nf3+ 53.
Rxf3 Rxf3 54. Kg2 Re3 55. Rd2 Rb3 56. Kh2 Kf5 57. Kg2 Rxe2+ 58. Rxe2 Rxc3 59.
Re7 b6 60. axb6 axb6 61. Rb7 b5 62. Rf7+ Ke4 63. Re7+ Kf4 64. Rf7+ Ke3 65. Rf3+
Kd4 66. Rf5 Kc4 67. Rxg5 Kxb4 68. h4 Re3 69. h5 Re6 70. Rg6 Re5 71. h6 Rh5 72.
Rxc6 d4 73. Kf3 Ka4 74. Ke4 Rh4+ 75. Kd3 Kb4 76. Rg6 Kb3 77. Rd6 b4 78. Rc6 Kb2
79. Rc4 b3 80. Rc6 Kb1 81. Kc4 Kc2 82. Kb4+ Kb2 83. Kc4 Kc2 84. Kb4+ 1/2-1/2

[Event "SR 2. liga A 2008/2009"]
[Site "?"]
[Date "2008.10.12"]
[Round "2.8"]
[White "Stefan, Oldrich"]
[Black "Jelenciak, Jozef"]
[Result "1/2-1/2"]
[WhiteElo "1938"]
[BlackElo "2030"]
[PlyCount "43"]
[EventDate "2008.??.??"]

1. d4 f5 2. Nf3 Nf6 3. g3 c6 4. Bg2 d6 5. O-O Qc7 6. c4 e5 7. dxe5 dxe5 8. Nc3
Be7 9. e4 O-O 10. exf5 Bxf5 11. Ng5 h6 12. Nge4 Nbd7 13. Qe2 Nxe4 14. Nxe4 Nc5
15. Nxc5 Bxc5 16. Be3 Bd4 17. c5 Rad8 18. Rfd1 Qf7 19. Rd2 Be6 20. Bxd4 exd4
21. b3 Bd5 22. Rc1 1/2-1/2

[Event "SR 2. liga A 2008/2009"]
[Site "?"]
[Date "2008.10.12"]
[Round "2.8"]
[White "Ujhelyi, Matus"]
[Black "Milanov, Jasen"]
[Result "1/2-1/2"]
[WhiteElo "1926"]
[BlackElo "1956"]
[PlyCount "66"]
[EventDate "2008.??.??"]

1. e4 e6 2. d4 d5 3. Nd2 dxe4 4. Nxe4 Nd7 5. Nf3 Ngf6 6. Bg5 Be7 7. Nxf6+ Nxf6
8. Bd3 O-O 9. O-O h6 10. Bh4 c5 11. c3 cxd4 12. Nxd4 a6 13. Qe2 Qc7 14. a4 b6
15. Bg3 Bd6 16. Bxd6 Qxd6 17. Rad1 Qc7 18. Be4 Nxe4 19. Qxe4 Bb7 20. Qg4 Rfe8
21. Rfe1 Rad8 22. Rd3 Rd5 23. f4 h5 24. Qh4 Qd8 25. Qg3 Qd6 26. f5 Qxg3 27.
hxg3 e5 28. f6 g6 29. Rde3 Kf8 30. b4 Rd6 31. Nf3 Bxf3 32. Rxf3 e4 33. Rfe3
Rxf6 1/2-1/2

[Event "SR 2. liga A 2008/2009"]
[Site "?"]
[Date "2008.10.12"]
[Round "2.8"]
[White "Zacik, Anton"]
[Black "Sosovicka, Matej"]
[Result "1-0"]
[WhiteElo "2048"]
[BlackElo "1790"]
[PlyCount "37"]
[EventDate "2008.??.??"]

1. e4 e5 2. Nf3 Nf6 3. Nxe5 d6 4. Nf3 Nxe4 5. Bd3 Nc5 6. Be2 d5 7. d4 Ne6 8.
O-O Bd6 9. c4 c6 10. Nc3 Bc7 11. Re1 O-O 12. Be3 Re8 13. cxd5 cxd5 14. Qb3 Ba5
15. Rec1 Nc6 16. Bb5 a6 17. Bxc6 bxc6 18. Ne5 Rb8 19. Qxb8 1-0

[Event "SR 2. liga A 2008/2009"]
[Site "?"]
[Date "2008.11.08"]
[Round "3.1"]
[White "Cvicela, Anton"]
[Black "Frindt, Kornel"]
[Result "1-0"]
[WhiteElo "2217"]
[BlackElo "2151"]
[PlyCount "101"]
[EventDate "2008.??.??"]

1. e4 c5 2. Nf3 e6 3. d4 cxd4 4. Nxd4 a6 5. c4 Qc7 6. Nc3 Nf6 7. Bd3 Nc6 8.
Nxc6 dxc6 9. O-O e5 10. Qe2 Bc5 11. Be3 Bxe3 12. Qxe3 Nh5 13. c5 Be6 14. Na4
Nf4 15. Nb6 Rd8 16. Rfd1 O-O 17. Bc4 Qe7 18. g3 Qg5 19. Bxe6 Nxe6 20. Qxg5 Nxg5
21. Nd7 Rfe8 22. Nxe5 Rxd1+ 23. Rxd1 Nxe4 24. b4 Nf6 25. Nc4 Nd5 26. Nd6 Re7
27. a3 g6 28. Kf1 Kg7 29. Re1 Rxe1+ 30. Kxe1 b6 31. cxb6 Nxb6 32. Kd2 Kf6 33.
Kc3 Ke6 34. Nc4 Nd7 35. Kd4 h5 36. Na5 Ne5 37. Kc5 Nd3+ 38. Kxc6 Nxf2 39. Nb3
h4 40. Nc5+ Ke5 41. Nxa6 Ne4 42. b5 hxg3 43. hxg3 f5 44. Nc5 Kd4 45. Nxe4 fxe4
46. b6 e3 47. b7 e2 48. b8=Q e1=Q 49. Qd8+ Ke3 50. Qe7+ Kf2 51. Qxe1+ 1-0

[Event "SR 2. liga A 2008/2009"]
[Site "?"]
[Date "2008.11.08"]
[Round "3.1"]
[White "Federic, Jozef"]
[Black "Schwarz, Dusan"]
[Result "0-1"]
[WhiteElo "2239"]
[BlackElo "2338"]
[PlyCount "98"]
[EventDate "2008.??.??"]

1. d4 d5 2. c4 c6 3. Nc3 Nf6 4. Nf3 e6 5. e3 Nbd7 6. Bd3 dxc4 7. Bxc4 b5 8. Bd3
a6 9. e4 c5 10. d5 c4 11. dxe6 fxe6 12. Bc2 Qc7 13. O-O Bb7 14. Ng5 Nc5 15. Be3
h6 16. Nh3 Bd6 17. Bxc5 Qxc5 18. Re1 O-O-O 19. Qe2 Be5 20. Rac1 g5 21. g3 Kb8
22. Bb1 Rd7 23. Red1 Rhd8 24. Rxd7 Rxd7 25. Kf1 Bd4 26. Nd1 e5 27. f3 Rg7 28.
Nhf2 h5 29. a4 g4 30. b3 Qa3 31. Qd2 Qxb3 32. Qh6 Rf7 33. Qg6 Rf8 34. Qh6 Qa3
35. Rc2 gxf3 36. Ra2 Qe7 37. axb5 axb5 38. Ra5 Bc6 39. Bc2 Rd8 40. Ne3 Bb6 41.
Ra6 Kb7 42. Nf5 Qf8 43. Qxf8 Rxf8 44. Ra3 Ng4 45. Nxg4 hxg4 46. h4 gxh3 47.
Rxf3 Ra8 48. Bd1 Ra1 49. Ke2 Ra2+ 0-1

[Event "SR 2. liga A 2008/2009"]
[Site "?"]
[Date "2008.11.08"]
[Round "3.1"]
[White "Gasa, Andrej"]
[Black "Rohacek, Miroslav"]
[Result "1/2-1/2"]
[WhiteElo "2201"]
[BlackElo "2215"]
[PlyCount "51"]
[EventDate "2008.??.??"]

1. e4 e5 2. Nf3 Nf6 3. Nxe5 d6 4. Nf3 Nxe4 5. d4 d5 6. Bd3 Be7 7. O-O Nc6 8. c4
Nb4 9. Be2 O-O 10. Nc3 Be6 11. Ne5 Nxc3 12. bxc3 Nc6 13. Nxc6 bxc6 14. c5 Bf5
15. Bd3 Bd7 16. Qc2 g6 17. Rb1 Re8 18. Qa4 a5 19. Bd2 Bg5 20. f4 Bh4 21. g3 Bf6
22. Rfe1 Kg7 23. Rxe8 Qxe8 24. Kf2 Qd8 25. Qc2 Bg4 26. Be3 1/2-1/2

[Event "SR 2. liga A 2008/2009"]
[Site "?"]
[Date "2008.11.08"]
[Round "3.1"]
[White "Seitler, Andrej"]
[Black "Tepper, Frantisek"]
[Result "1/2-1/2"]
[WhiteElo "2251"]
[BlackElo "2162"]
[PlyCount "65"]
[EventDate "2008.??.??"]
[WhiteTeam "Piestany"]
[BlackTeam "Dopr.Podnik BA"]
[WhiteTeamCountry "SVK"]
[BlackTeamCountry "SVK"]

1. d4 Nf6 2. Nf3 d6 3. Nbd2 Nbd7 4. e4 e5 5. Bd3 exd4 6. Nxd4 Ne5 7. f4 Nxd3+
8. cxd3 Be7 9. O-O O-O 10. Nc2 c6 11. b3 Qb6+ 12. d4 Qb5 13. Qf3 Qh5 14. Qxh5
Nxh5 15. Ne3 Nf6 16. e5 dxe5 17. fxe5 Nd5 $11 18. Ne4 Nxe3 19. Bxe3 Be6 20. Nd6
Bxd6 21. exd6 Rad8 22. Bf4 Rfe8 23. Rfe1 Kf8 24. Bd2 Bd7 25. Bb4 Rxe1+ 26. Rxe1
Re8 27. Re7 Rxe7 28. dxe7+ Ke8 29. Bc5 a5 30. a3 Be6 31. b4 axb4 32. Bxb4 b5
33. Kf2 1/2-1/2

[Event "SR 2. liga A 2008/2009"]
[Site "?"]
[Date "2008.11.08"]
[Round "3.1"]
[White "Stetina, Erik"]
[Black "Varga, David"]
[Result "1/2-1/2"]
[WhiteElo "2043"]
[BlackElo "2270"]
[PlyCount "66"]
[EventDate "2008.??.??"]
[WhiteTeam "Slovakia"]
[BlackTeam "Slovakia"]
[WhiteTeamCountry "SVK"]
[BlackTeamCountry "SVK"]

1. e4 e6 2. d4 d5 3. exd5 exd5 4. Nf3 Bg4 5. Bd3 Qf6 6. Nbd2 Nc6 7. c3 O-O-O 8.
O-O h5 9. Re1 h4 10. h3 Bh5 11. Nf1 Bxf3 12. Qxf3 Qxf3 13. gxf3 g6 14. Bf4 Bh6
15. Bxh6 Nxh6 16. Ne3 Rd6 17. Ng2 Rf6 18. Re3 Nf5 19. Bxf5+ Rxf5 20. Rae1 Nd8
21. R1e2 Ne6 22. Kh2 Kd7 23. Re5 Rxe5 24. Rxe5 c6 25. Re3 Kd6 26. Ne1 b6 27.
Nd3 f6 28. Kg2 a5 29. Re1 a4 30. a3 Rc8 31. f4 c5 32. dxc5+ bxc5 33. Kf3 d4
1/2-1/2

[Event "SR 2. liga A 2008/2009"]
[Site "?"]
[Date "2008.11.08"]
[Round "3.1"]
[White "Tibensky, Robert"]
[Black "Janos, Martin"]
[Result "1/2-1/2"]
[WhiteElo "2391"]
[BlackElo "2210"]
[PlyCount "108"]
[EventDate "2008.??.??"]
[WhiteTeam "Slovakia"]
[BlackTeam "Slovakia"]
[WhiteTeamCountry "SVK"]
[BlackTeamCountry "SVK"]

1. d4 Nf6 2. Nf3 b5 3. Bg5 d5 4. e3 c6 5. Nbd2 Bf5 6. Ne5 Qb6 7. g4 Bc8 8. Bf4
Nbd7 9. g5 Nxe5 10. Bxe5 Nd7 11. Bg3 g6 12. h4 h6 13. Bh3 hxg5 14. hxg5 Bg7 15.
Qf3 Nf8 16. Qg2 Bxh3 17. Rxh3 Rxh3 18. Qxh3 c5 19. c3 cxd4 20. cxd4 Qe6 21.
Qxe6 Nxe6 22. Nf3 Rc8 23. Kd2 Kd7 24. Rh1 Rh8 25. Rxh8 Bxh8 26. Be5 f6 27. gxf6
exf6 28. Bb8 a6 29. Kd3 Bg7 30. Nh4 Nf8 31. Ba7 Ke6 32. Kc3 g5 33. Nf3 Kd7 34.
Kb4 Kc6 35. Bb8 Nd7 36. Bg3 Bf8+ 37. Kc3 a5 38. Kd3 Bd6 39. Bxd6 Kxd6 40. Nd2
Nb6 41. b3 Ke6 42. Nb1 Nc8 43. Nc3 Nd6 44. a4 b4 45. Nd1 f5 46. Ke2 Ne4 47. Nb2
Nc3+ 48. Kf3 g4+ 49. Kg2 f4 50. Nd3 fxe3 51. fxe3 Nd1 52. Nf4+ Kd6 53. Kg3 Nxe3
54. Ne2 Nd1 1/2-1/2

[Event "SR 2. liga A 2008/2009"]
[Site "?"]
[Date "2008.11.08"]
[Round "3.2"]
[White "Hrivnak, Martin"]
[Black "Sosovicka, Juraj"]
[Result "1/2-1/2"]
[WhiteElo "2169"]
[BlackElo "2040"]
[PlyCount "106"]
[EventDate "2008.??.??"]
[WhiteTeam "Slovakia"]
[BlackTeam "Slovakia"]
[WhiteTeamCountry "SVK"]
[BlackTeamCountry "SVK"]

1. Nf3 d5 2. g3 c6 3. Bg2 Bg4 4. Ne5 Bf5 5. d4 Nd7 6. Nd3 Ngf6 7. O-O e6 8. Nd2
c5 9. c3 Bd6 10. dxc5 Nxc5 11. Nxc5 Bxc5 12. Qa4+ Qd7 13. Qxd7+ Kxd7 14. c4
Rhd8 15. Nb3 Bb6 16. cxd5 exd5 17. Bg5 Ke7 18. Rac1 Be4 19. Bxe4 dxe4 20. Nc5
Bxc5 21. Rxc5 Ke6 22. f3 exf3 23. Bxf6 gxf6 24. Rxf3 Rd2 25. Re3+ Kd7 26. Rd3+
Rxd3 27. exd3 Kd6 28. Rc4 Re8 29. Kf2 Re5 30. Rf4 Ke6 31. Re4 Rxe4 32. dxe4 Ke5
33. Ke3 f5 34. exf5 Kxf5 35. h3 Ke5 36. g4 f5 37. g5 f4+ 38. Kf3 Kf5 39. h4 Ke5
40. b4 a6 41. a4 b6 42. h5 Kf5 43. g6 hxg6 44. h6 Kf6 45. Kxf4 g5+ 46. Kg4 Kg6
47. h7 Kxh7 48. Kxg5 Kg7 49. b5 a5 50. Kf5 Kf7 51. Ke5 Ke7 52. Kd5 Kd7 53. Ke5
Ke7 1/2-1/2

[Event "SR 2. liga A 2008/2009"]
[Site "?"]
[Date "2008.11.08"]
[Round "3.2"]
[White "Janos, Jozef"]
[Black "Kundrik, Peter"]
[Result "1-0"]
[WhiteElo "2244"]
[BlackElo "2228"]
[PlyCount "55"]
[EventDate "2008.??.??"]
[WhiteTeam "Dopr.Podnik BA"]
[BlackTeam "Piestany"]
[WhiteTeamCountry "SVK"]
[BlackTeamCountry "SVK"]

1. d4 Nf6 2. Nf3 g6 3. g3 Bg7 4. c4 d6 5. Bg2 O-O 6. O-O Nbd7 7. Nc3 e5 8. e4
a5 9. dxe5 dxe5 10. Qc2 c6 11. Rd1 Re8 12. h3 Qc7 13. Be3 Bf8 14. Na4 b6 15.
Rac1 Nc5 16. Nxc5 Bxc5 17. Bxc5 bxc5 18. Ne1 Nd7 19. Rd2 Nf8 20. Nd3 Ne6 21.
Qc3 Rd8 22. Re2 Rd4 23. Rf1 Qd6 24. Re3 Ba6 25. b3 Rd8 26. Nc1 Qc7 27. Ne2 a4
28. f4 $138 1-0

[Event "SR 2. liga A 2008/2009"]
[Site "?"]
[Date "2008.11.08"]
[Round "3.2"]
[White "Machalova, Veronika"]
[Black "Klemanic, Emil"]
[Result "0-1"]
[WhiteElo "2187"]
[BlackElo "2230"]
[PlyCount "106"]
[EventDate "2008.??.??"]
[WhiteTeam "Slovakia"]
[BlackTeam "Slovakia"]
[WhiteTeamCountry "SVK"]
[BlackTeamCountry "SVK"]

1. e4 d6 2. d4 Nf6 3. Nc3 e5 4. Nf3 Nbd7 5. Bc4 Be7 6. O-O c6 7. a4 O-O 8. h3
b6 9. Re1 Bb7 10. Ba2 a6 11. dxe5 dxe5 12. Qe2 b5 13. Bg5 h6 14. Bxf6 Bxf6 15.
Rad1 Qe7 16. Qe3 Rfd8 17. axb5 axb5 18. Bb3 Nc5 19. Ne2 Nxb3 20. Qxb3 Qc5 21.
Rxd8+ Bxd8 22. Nc1 Bc7 23. Nd3 Qe7 24. Qc3 f6 25. Nh4 Qf7 26. b3 g6 27. Re3 Kh7
28. Rf3 Re8 29. Qc5 Bb8 30. Qb6 Ba8 31. Qa5 Bd6 32. Qb6 Qe7 33. g3 c5 34. Qxb5
Bxe4 35. Re3 f5 36. Qc4 Qb7 37. Nxc5 Bxc5 38. Qxc5 g5 39. f3 gxh4 40. fxe4 f4
41. gxf4 Qg7+ 42. Kf2 Rg8 43. Ke2 Rd8 44. Rf3 Qg2+ 45. Qf2 Qg6 46. f5 Qc6 47.
f6 Qxc2+ 48. Kf1 Qc1+ 49. Kg2 Qg5+ 50. Kh2 Rd2 51. Qxd2 Qxd2+ 52. Kh1 Kg8 53.
f7+ Kf8 0-1

[Event "SR 2. liga A 2008/2009"]
[Site "?"]
[Date "2008.11.08"]
[Round "3.2"]
[White "Pacher, Milan"]
[Black "Federic, Pavol"]
[Result "0-1"]
[WhiteElo "2357"]
[BlackElo "2238"]
[PlyCount "48"]
[EventDate "2008.??.??"]
[WhiteTeam "Slovakia"]
[BlackTeam "Slovakia"]
[WhiteTeamCountry "SVK"]
[BlackTeamCountry "SVK"]

1. e4 e5 2. Nf3 Nc6 3. Bb5 a6 4. Ba4 Nf6 5. O-O Nxe4 6. d4 b5 7. Bb3 d5 8. dxe5
Be6 9. c3 Nc5 10. Bc2 Be7 11. Nbd2 O-O 12. Nb3 Qd7 13. Ng5 h6 14. Nh7 Rfe8 15.
Nxc5 Bxc5 16. Bxh6 Bf5 17. Bxg7 Kxg7 18. Nf6 Qe6 19. Bxf5 Qxf5 20. Nxe8+ Rxe8
21. Qxd5 Nxe5 22. Kh1 Rh8 23. Rad1 Qf4 24. h3 Ng4 0-1

[Event "SR 2. liga A 2008/2009"]
[Site "?"]
[Date "2008.11.08"]
[Round "3.2"]
[White "Petenyi, Tamas"]
[Black "Arendas, Marek"]
[Result "1-0"]
[WhiteElo "2251"]
[BlackElo "2109"]
[PlyCount "47"]
[EventDate "2008.??.??"]
[WhiteTeam "Slovakia"]
[BlackTeam "Slovakia"]
[WhiteTeamCountry "SVK"]
[BlackTeamCountry "SVK"]

1. e4 d5 2. exd5 Qxd5 3. Nc3 Qa5 4. d4 Nf6 5. Nf3 Bg4 6. Bd2 c6 7. h3 Bf5 8.
Ne4 Qc7 9. Nxf6+ exf6 10. Bc4 Bd6 11. Qe2+ Qe7 12. Qxe7+ Kxe7 13. O-O-O Re8 14.
Rhe1+ Kf8 15. Rxe8+ Kxe8 16. Re1+ Kf8 17. g4 Bc8 18. g5 Nd7 19. gxf6 Nxf6 20.
Ng5 h6 21. Nxf7 Be7 22. Ne5 Bf5 23. Re3 g6 24. Rb3 1-0